Unusal Couage (Record no. 178248)

MARC details
000 -LEADER
fixed length control field 00666nam a22002177a 4500
005 - DATE AND TIME OF LATEST TRANSACTION
control field 20210323154143.0
006 - FIXED-LENGTH DATA ELEMENTS--ADDITIONAL MATERIAL CHARACTERISTICS--GENERAL INFORMATION
fixed length control field a|||||f|||| 00| 0
007 - PHYSICAL DESCRIPTION FIXED FIELD--GENERAL INFORMATION
fixed length control field tc
008 - FIXED-LENGTH DATA ELEMENTS--GENERAL INFORMATION
fixed length control field 180720b xxu||||| |||| 00| 0 eng d
010 ## - LCCN (DPL NO)
LC control number BR-003292-BR-003293
020 ## - INTERNATIONAL STANDARD BOOK NUMBER
Terms of availability 17.00
035 ## - SYSTEM CONTROL NUMBER
System control number BR-003292
037 ## - SOURCE OF ACQUISITION
Source of stock number/acquisition N.I.V.H.
082 ## - DEWEY DECIMAL CLASSIFICATION NUMBER
Classification number S
245 ## - TITLE STATEMENT
Title Unusal Couage
260 ## - PUBLICATION, DISTRIBUTION, ETC. (IMPRINT)
Place of publication, distribution, etc Dehradun
Name of publisher, distributor, etc N.I.V.H.
Date of publication, distribution, etc Dehradun
270 ## - ADDRESS
Address 116,Rajpur Road, Dehradun
City Dehradun
Postal code 248001
300 ## - PHYSICAL DESCRIPTION
Extent various pages.
Dimensions 30cm(HB).
942 ## - ADDED ENTRY ELEMENTS (KOHA)
Source of classification or shelving scheme Dewey Decimal Classification
Item type Braille-Books-English
Classification part S
Call number suffix UNU
Holdings
Withdrawn status Lost status Not for loan Collection code Home library Current library Date acquired Source of acquisition Cost, normal purchase price Full call number Barcode Copy number Cost, replacement price Koha item type
    Not For Loan Fiction Braille-Library Braille-Library 22/10/2019 2019-10-22 17.00 S UNU BR-003292 1 17.00 Braille-Books-English
    Not For Loan Fiction Braille-Library Braille-Library 22/10/2019 2019-10-22 17.00 S- UNU BR-003293 1 17.00 Braille-Books-English

© Delhi Public Library
Hit Counter
free hit counter